Commission des operations de bourse

Gardado en:
Detalles Bibliográficos
Formato: Libro
Idioma:Undetermined
Publicado: Paris 1975
Những chủ đề:
Các nhãn: Engadir etiqueta
Sen Etiquetas, Sexa o primeiro en etiquetar este rexistro!
Thư viện lưu trữ: Trung tâm Học liệu Trường Đại học Cần Thơ
LEADER 00417nam a2200157Ia 4500
001 CTU_86991
008 210402s9999 xx 000 0 und d
082 |a 346.44 
082 |b C734 
245 0 |a Commission des operations de bourse 
260 |a Paris 
260 |c 1975 
650 |a Securities,Corporation law 
650 |z France,France 
904 |i Truc 
980 |a Trung tâm Học liệu Trường Đại học Cần Thơ